|
|
|
|
| LEADER |
00000nab a2200000 a 4500 |
| 001 |
vtls000923919 |
| 003 |
SK-MaSNL |
| 005 |
20260319073742.0 |
| 008 |
040720e19950603xo 0 hun |
| 035 |
|
|
|a KE32796
|
| 040 |
|
|
|a KEVKJB
|b slo
|c KEVKJB
|e AACR2
|
| 041 |
1 |
|
|h slo
|
| 044 |
|
|
|a xo
|c SK
|
| 080 |
|
|
|a 352.075.2
|2 1981
|
| 080 |
|
|
|a 323(437.6)
|2 1981
|
| 245 |
0 |
0 |
|a Kassa tiltakozik
|
| 650 |
0 |
7 |
|a poslanci mestskej samosprávy
|2 KEVKJB
|9 1017332
|
| 650 |
0 |
7 |
|a protesty
|2 KEVKJB
|9 337515
|
| 650 |
0 |
7 |
|a vnútorná politika
|2 KEVKJB
|9 970
|
| 650 |
0 |
7 |
|a správy
|2 KEVKJB
|9 276219
|
| 651 |
|
7 |
|a Košice (Slovensko)
|2 KEVKJB
|9 18694
|
| 651 |
|
7 |
|a KS,
|2 KEVKJB
|9 880381
|
| 655 |
|
7 |
|a periodikum
|2 snkbucl
|9 29553
|
| 773 |
0 |
8 |
|t Új Szó
|g Roč. 48
|g Roč. 28, č.128, 3.6.1995, s. 2
|
| 852 |
|
|
|a ZVYKNI
|b KIS3GCP
|
| 999 |
|
|
|c 1670229
|d 1672159
|